| 000 | 01450nam0a22002291 4500 | ||
|---|---|---|---|
| 001 | rc\3476122 | ||
| 005 | 20250610010620.0 | ||
| 035 | _a(NLR Aleph) 007599281 | ||
| 090 |
_a5696331 _c5696331 |
||
| 100 | _a20130115d1973 |||y0rusy50 ca | ||
| 101 | 0 | _arus | |
| 102 | _aRU | ||
| 105 | _ay z ||||| | ||
| 200 | 1 |
_aТезисы докладов _fВЦСПС. Центр. совет по управлению курортами профсоюзов. Ялт. науч.-исслед. ин-т физ. методов лечения и мед. климатологии им. И.М. Сеченова. Укр. респ. и Ялт. террит. советы по управлению курортами профсоюзов. Науч.-практ. конф. по проблемам санаторно-курортного лечения больных хрон. неспециф. заболеваниями органов дыхания. 27-29 ноября 1973 г. Ялта |
|
| 210 |
_aМосква _cБ. и. _d1973 |
||
| 215 |
_a85 с. _d26 |
||
| 710 | 1 | 2 | _aНаучно-практическая конференция по проблемам санаторно-курортного лечения больных хроническими неспецифическими заболеваниями органов дыхания (1973; Ялта) |
| 801 | 0 |
_aRU _bNLR _gpsbo |
|
| 801 | 1 |
_aRU _bELAR _2rusmarc |
|
| 852 |
_aNLR _j73-4/37911 |
||
| 942 | _cBOOK | ||
| 980 | _aNB | ||